| 000 | 00443nam a22001337a 4500 | ||
|---|---|---|---|
| 008 | 140319b xxu||||| |||| 00| 0 eng d | ||
| 050 | _aBJ1012. G53 1990 | ||
| 100 |
_aGibbard, Allan _99155 |
||
| 245 |
_aWise Choices, Apt Feelings _ba theory of normative jugdment _cAllan Gibbard |
||
| 260 |
_aCambridge _bHarvad University Press _c1990 |
||
| 300 |
_ax, 346p. ; _c24cm. |
||
| 650 |
_aEthics _xJugdment (logic) _99156 |
||
| 942 |
_2lcc _cMONOGRAPH _02 |
||
| 999 |
_c120222 _d120222 |
||